000 00217nam a2200085Ia 4500
245 0 _aBronx justice
100 _a Teller, Joseph Ontario, 2009
_978690
942 _cBK
008 210818s9999 xx 000 0 und d
999 _c427774
_d427773